| 000 | 00474nam a22001217a 4500 | ||
|---|---|---|---|
| 008 | 230612b xxu||||| |||| 00| 0 eng d | ||
| 082 |
_a352.4 _b100001594 |
||
| 245 |
_aThe Report of The Controller The Appropriation Accounts, other Public Accounts details including Accounts of the Funds of the Republic of Kenya for the Year 2006/2007 _cGovernment of Kenya |
||
| 260 |
_aKenya _bGovernment of Kenya _c2008 |
||
| 300 | _a608 p | ||
| 710 | _bGovernment of Kenya | ||
| 942 |
_2ddc _cBK |
||
| 999 |
_c1052 _d1052 |
||